Big Data : A Primer /

Enregistré dans:
Détails bibliographiques
Autres auteurs: Mohanty, Hrushikesha (Éditeur intellectuel), Bhuyan, Prachet (Éditeur intellectuel), Chenthati, Deepak (Éditeur intellectuel)
Format: Livre
Langue:anglais
Publié: New Delhi : Springer, 2015
Tags: Ajouter un tag
Pas de tags, Soyez le premier à ajouter un tag!

MARC

LEADER 00000nam a22000003a 4500
001 0008280
003 SK-STU
005 20151023101152.8
007 ta
008 151023s ----xo-----e------000-0-----d
020 |a 978-81-322-2493-8 
040 |a STU  |b slo 
041 0 |a eng 
044 |a ii 
080 |a 681.015 
100 1 |a Mohanty, Hrushikesha  |r Z6  |4 edt 
245 1 0 |a Big Data :  |b A Primer /  |c ed. Hrushikesha Mohanty ; ed. Prachet Bhuyan, Deepak Chenthati 
260 |a New Delhi :  |b Springer,  |c 2015 
300 |a 184 s. 
700 1 |a Bhuyan, Prachet  |r Z6  |4 edt 
700 1 |a Chenthati, Deepak  |r Z6  |4 edt 
996 |b 284EK89570  |c E* 89570  |l EE30  |s P  |a 0  |w 0008280_0001